000 00574nam a22001697a 4500
003 OSt
005 20171010095519.0
008 120816t xxu||||| |||| 00| 0 eng d
040 _aMMSU
_cULS
100 _aPenic, Wilma C.
_912187
245 _aPagsusuri ng mga karaniwang kamalian sa pagsulat ng komposisyon
_cWilma C. Penic
260 _c2004
300 _axvi, 208 leaves
_c28 cm.
500 _aThesis (MA Education-Language & Literature) -- Mariano Marcos State University-Graduate School, Laoag City
504 _aBibliography: leaves 174-176
942 _2ddc
_cTHEDIS
999 _c9756
_d9756